Thomas Jefferson law review

Detalles Bibliográficos
Título anterior:San Diego justice journal (Online)
Autor Corporativo: Thomas Jefferson School of Law
Formato: Electrónico Revista
Lenguaje:inglés
Publicado: San Diego : Thomas Jefferson School of Law
Materias:
Acceso en línea:Full text available from Research Library: 04/01/1998 to 04/30/2014

MARC

LEADER 00000nas a2200000 a 4500
001 ssj0008425
003 WaSeSS
005 20200512172242.0
006 m d
007 cr n
008 030220c19969999caufr p s g 0 a0eng c
010 |a  2007266103 
016 7 |a 101171509  |2 DNLM 
022 |a 2169-1436  |y 1090-5278 
035 |a (WaSeSS)ssj0008425 
037 |b Thomas Jefferson Law Review, 2121 San Diego Ave., San Diego, CA 92110  |c $18.00 
040 |a TXU  |b eng  |c TXU  |d OCLCQ  |d HUA  |d RLINP  |d DOS  |d DLC  |d OCLCQ  |d OCLCO  |d OCLCQ  |d OCLCF  |d OCLCO  |d VT2  |d Z5A  |d OCLCQ  |d UUM  |d WaSeSS 
042 |a pcc  |a nsdp 
043 |a n-us-ca 
050 4 |a K3  |b .R47 
082 1 0 |a 349  |2 14 
082 0 4 |a 349.7305  |b T45 J4 
130 0 |a Thomas Jefferson law review (Online) 
222 0 |a Thomas Jefferson law review  |b (Online) 
245 1 0 |a Thomas Jefferson law review  |h [electronic resource]. 
246 1 |i Citation title:  |a T. Jefferson L. Rev 
260 |a San Diego :  |b Thomas Jefferson School of Law 
310 |a Two no. a year 
362 1 |a Began with vol. 18, no. 1 (spring 1996). 
506 |a License restrictions may limit access. 
515 |a This publication continues the numbering of the journal under its original title: Criminal justice journal. 
538 |a Mode of access: World Wide Web. 
588 |a Description based on first issue; title from table of contents screen (Hein Online, viewed Dec. 6, 2007). 
588 |a Latest issue consulted: Vol. 34, no. 1 (fall 2011) (viewed Aug. 10, 2012). 
650 0 |a Law reviews  |z California. 
650 0 |a Law  |v Periodicals. 
650 7 |a Law.  |2 fast  |0 (OCoLC)fst00993678 
650 7 |a Law reviews.  |2 fast  |0 (OCoLC)fst00994120 
650 7 |a Droit.  |2 rasuqam 
651 7 |a California.  |2 fast  |0 (OCoLC)fst01204928 
651 7 |a États-Unis.  |2 rasuqam 
655 0 |a Electronic journals. 
710 2 |a Thomas Jefferson School of Law. 
776 0 8 |i Print version:  |t Thomas Jefferson law review  |x 1090-5278  |w (DLC) 97644526  |w (OCoLC)35313139 
780 0 0 |t San Diego justice journal (Online)  |w (DLC) 2007266104  |w (OCoLC)52079972 
856 4 0 |z Full text available from Research Library: 04/01/1998 to 04/30/2014  |u https://search.proquest.com/publication/32908